فاكهة الخلفاء و مفاكهة الظرفاء : (Record no. 35416)
[ view plain ]
| 000 -LEADER | |
|---|---|
| fixed length control field | 00676nam a22001937a 4500 |
| 005 - DATE AND TIME OF LATEST TRANSACTION | |
| control field | 20251108165935.0 |
| 008 - FIXED-LENGTH DATA ELEMENTS--GENERAL INFORMATION | |
| fixed length control field | 250721s1995 xx 000 0 ara d |
| 082 14 - DEWEY DECIMAL CLASSIFICATION NUMBER | |
| Classification number | م/891.5/عرب |
| 100 1# - MAIN ENTRY--PERSONAL NAME | |
| Personal name | إبن عربشاه، أحمد بن محمد |
| 245 10 - TITLE STATEMENT | |
| Title | فاكهة الخلفاء و مفاكهة الظرفاء : |
| Remainder of title | من الأدب الفارسي / |
| 264 1# - PRODUCTION, PUBLICATION, DISTRIBUTION, MANUFACTURE, AND COPYRIGHT NOTICE | |
| Place of production, publication, distribution, manufacture | بيروت : |
| Name of producer, publisher, distributor, manufacturer | دار المواسم، |
| Date of production, publication, distribution, manufacture, or copyright notice | 1995. |
| 300 ## - PHYSICAL DESCRIPTION | |
| Extent | 488ص |
| 490 0# - SERIES STATEMENT | |
| Series statement | الأمثال و الحكم في آداب الشعوب و الامم ؛3 |
| 650 17 - SUBJECT ADDED ENTRY--TOPICAL TERM | |
| Topical term or geographic name as entry element | الأدب الفارسي |
| 650 17 - SUBJECT ADDED ENTRY--TOPICAL TERM | |
| Topical term or geographic name as entry element | الأدب |
| 700 1# - ADDED ENTRY--PERSONAL NAME | |
| Personal name | عاصي، حسن |
| Relator term | تحقيق |
| 942 ## - ADDED ENTRY ELEMENTS (KOHA) | |
| Source of classification or shelving scheme | Dewey Decimal Classification |
| Koha item type | References |
| حالة السحب | حالة الفقدان | مصدر التصنيف | حالة التلف | غير قابل للإعارة | المكتبة الرئيسية | المكتبة الحالية | موقع الرف | تاريخ التزويد | الرقم المتسلسل | Total Checkouts | رقم الإستدعاء | الباركود | تاريخ آخر ظهور | تاريخ الفاتورة | نوع المادة (كوها) |
|---|---|---|---|---|---|---|---|---|---|---|---|---|---|---|---|
| Dewey Decimal Classification | المكتبة المركزية | المكتبة المركزية | الإعارة | 06/07/2004 | 470256 | م/891.5/عرب | 470256 | 28/07/2025 | 06/07/2004 | References | |||||
| Dewey Decimal Classification | Not For Loan | مكتبة أبو علندا العامة | مكتبة أبو علندا العامة | مراجع | 14/10/2015 | ( 2277 ) | م/891.5/عرب | PLD00356218 | 28/07/2025 | 14/10/2015 | References | ||||
| Dewey Decimal Classification | Not For Loan | مكتبة الأميرة ايمان العامة | مكتبة الأميرة ايمان العامة | مراجع | 08/10/2013 | [11297] | م/891.5/عرب | PLD00282680 | 28/07/2025 | 08/10/2013 | References | ||||
| Dewey Decimal Classification | Not For Loan | مكتبة الجويدة | مكتبة الجويدة | مراجع | 16/05/2015 | [6967] | م/891.5/عرب | PLD00324276 | 28/07/2025 | 16/05/2015 | References | ||||
| Dewey Decimal Classification | Not For Loan | مكتبة حمزة العامة | مكتبة حمزة العامة | مراجع | 08/02/2016 | (6639) | م/891.5/عرب | PLD00372408 | 28/07/2025 | 08/02/2016 | References | ||||
| Dewey Decimal Classification | Not For Loan | مكتبة وادي السير العامة | مكتبة وادي السير العامة | مراجع | 08/02/2016 | [7917].. | م/891.5/عرب | PLD00372314 | 28/07/2025 | 08/02/2016 | References |